Every Phil Ochs song - Statistics

General Stats
  • This quiz has been taken 10 times
  • The average score is 26 of 177
Answer Stats
% Correct
Here's to the State of Mississippi
100%
I Ain't Marching Anymore
100%
Too Many Martyrs
100%
A Toast to Those Who Are Gone
80%
Draft Dodger Rag
80%
Love Me I'm a Liberal
80%
On My Way
80%
Pleasures of the Harbor
80%
Tape From California
80%
Automation Song
60%
Ballad of William Worthy
60%
Changes
60%
In the Heat of the Summer
60%
Links on the Chain
60%
One More Parade
60%
Talking Vietnam Blues
60%
That's What I Want to Hear
60%
The Bells
60%
The Highwayman
60%
The War is Over
60%
What Are You Fighting For
60%
Celia
40%
I'll be There
40%
I'm Tired
40%
Outside of a Small Circle of Friends
40%
Power and Glory
40%
Rehearsals For Retirement
40%
Ringing of Revolution
40%
Song of My Returning
40%
Talking Cuban Crisis
40%
There but for Fortune
40%
The Thresher
40%
When I'm Gone
40%
AMA Song
20%
Another Age
20%
Ballad of Billie Sol
20%
Ballad of Oxford
20%
Bullets of Mexico
20%
Chords Of Fame
20%
Colored Town
20%
Days of Decision
20%
Do What I Have to Do
20%
Flower Lady
20%
Going Down to Mississippi
20%
Half a Century High
20%
Here's to the State of Richard Nixon
20%
Hills of West Virginia
20%
I Kill Therefore I Am
20%
I'm Going to Say It Now
20%
Iron Lady
20%
Is There Anybody Here
20%
Joe Hill
20%
Knock on the Door
20%
Lou Marsh
20%
No Christmas in Kentucky
20%
Paul Crump
20%
Remember Me
20%
Talking Airplane Disaster
20%
Talking Birmingham Jam
20%
The Doll House
20%
The Men Behind the Guns
20%
The Scorpion Departs But Never Returns
20%
We Seek No Wider War
20%
White Boots Marching in a Yellow Land
20%
William Moore
20%
A Fool Such as I
0%
All Quiet On the Western Front
0%
All Shook Up
0%
Alone
0%
Another Country
0%
Are You Lonesome Tonight
0%
A Year To Go By
0%
Bach Beethoven Mozart and Me
0%
Ballad of Alferd Packer
0%
Ballad of John Henry Faulk
0%
Ballad of Sonny Liston
0%
Ballad of the Carpenter
0%
Ballad of Train
0%
Basket in the Pool
0%
Bobby Dylan Record
0%
Born Before
0%
Bound for Glory
0%
Boy In Ohio
0%
Bracero
0%
Bwatue
0%
Cannons of Christianity
0%
Changing Hands
0%
Chaplain of the War
0%
Che
0%
Christine Keeler
0%
City Boy
0%
Cops of the World
0%
Cross My Heart
0%
Davey Moore
0%
Doesn't Lenny Live Here Anymore
0%
Don't Try Again
0%
Everyday
0%
Fifty Mile Hike
0%
Firehouse 35
0%
First Snow
0%
Floods of Florence
0%
Freedom Rider
0%
Gas Station Women
0%
Gimme a Break
0%
Hands
0%
Hazard Kentucky
0%
Heartbreak Hotel
0%
How High's the Watergate
0%
How Long
0%
Hunger and Cold
0%
I Ain't Got No Home in This World Anymore
0%
If I Knew
0%
I'm Gonna Love You Too
0%
I Shoulda Known Better
0%
It's So Easy
0%
I've Had Her
0%
I Wish I Could Have Been Along
0%
Jim Dean of Indiana
0%
Just One o Those Days
0%
Kansas City Bomber
0%
Keep the Change
0%
Last Generation
0%
Maintaining Law and Order
0%
Miranda
0%
Mona Lisa
0%
Monroe Town
0%
Morning
0%
My Baby Left Me
0%
My Kingdom For a Car
0%
My Life
0%
Never Again
0%
New Town
0%
Niko Mchumba Ngombe
0%
No More Songs
0%
Not Fade Away
0%
Oh Boy
0%
Okie From Muskogee
0%
Once I Lived the Life of a Commissar
0%
One Way Ticket Home
0%
On Her Hand a Golden Ring
0%
Positively 4th Street
0%
Pretty Smart on My Part
0%
Ready Teddy
0%
Rivers of the Blood
0%
Sailors and Soldiers
0%
Santo Domingo
0%
School Days
0%
Song of a Soldier
0%
Spaceman
0%
Spanish Civil War Song
0%
Street Soldier
0%
Take It Out Of My Youth
0%
Talking Pay TV
0%
Ten Cents a Coup
0%
That's the Way It's Gonna Be
0%
That Was the President
0%
The Ballad of US Steel
0%
The Confession
0%
The Crucifixion
0%
The Harder They Fall
0%
The Party
0%
The Passing of My Life
0%
The Times I've Had
0%
The Trial
0%
The World Began in Eden and Ended in Los Angeles
0%
Think it Over
0%
Time Was
0%
United Fruit
0%
Vietnam
0%
What's That I Hear
0%
When First Unto This Country
0%
When in Rome
0%
When There's a Will There's a Way
0%
William Butler Yeats Visits Lincoln Park and Escapes Unscathed
0%
You Can't Get Stoned Enough
0%
You're Fired
0%
Yukon Plane Crash
0%
No matching quizzes found
Score Distribution
Percent of People with Each Score
Percentile by Number Answered
Your Score History
You have not taken this quiz